<?xml version="1.0" encoding="UTF-8"?>
<record
    xmlns:xsi="http://www.w3.org/2001/XMLSchema-instance"
    xsi:schemaLocation="http://www.loc.gov/MARC21/slim http://www.loc.gov/standards/marcxml/schema/MARC21slim.xsd"
    xmlns="http://www.loc.gov/MARC21/slim">

  <leader>01684nam0a2200373   4500</leader>
  <controlfield tag="001">RU\NLR\BIBL_A\022228739</controlfield>
  <controlfield tag="005">20240802120536.0</controlfield>
  <datafield tag="010" ind1=" " ind2=" ">
    <subfield code="a">978-5-91883-535-7</subfield>
    <subfield code="9">2000</subfield>
  </datafield>
  <datafield tag="021" ind1=" " ind2=" ">
    <subfield code="a">RU</subfield>
    <subfield code="b">&#x41A;&#x41D;-&#x41F;-24-021126</subfield>
    <subfield code="9">&#x41A;&#x41D;-&#x41F;-24-2202</subfield>
  </datafield>
  <datafield tag="035" ind1=" " ind2=" ">
    <subfield code="a">(NLR Aleph) 022228739</subfield>
  </datafield>
  <datafield tag="090" ind1=" " ind2=" ">
    <subfield code="a">13124380</subfield>
    <subfield code="c">13124380</subfield>
  </datafield>
  <datafield tag="100" ind1=" " ind2=" ">
    <subfield code="a">20240521d2024    k  y0rusy50      ca</subfield>
  </datafield>
  <datafield tag="101" ind1="0" ind2=" ">
    <subfield code="a">rus</subfield>
  </datafield>
  <datafield tag="102" ind1=" " ind2=" ">
    <subfield code="a">RU</subfield>
  </datafield>
  <datafield tag="105" ind1=" " ind2=" ">
    <subfield code="a">ach z   000yy</subfield>
  </datafield>
  <datafield tag="181" ind1=" " ind2="0">
    <subfield code="a">i </subfield>
    <subfield code="b">axxe  </subfield>
  </datafield>
  <datafield tag="182" ind1=" " ind2="0">
    <subfield code="a">n</subfield>
  </datafield>
  <datafield tag="200" ind1="1" ind2=" ">
    <subfield code="a">&#x41E;&#x440;&#x443;&#x436;&#x438;&#x435; &#x438; &#x43C;&#x443;&#x43D;&#x434;&#x438;&#x440; &#x43A;&#x443;&#x431;&#x430;&#x43D;&#x441;&#x43A;&#x438;&#x445; &#x43A;&#x430;&#x437;&#x430;&#x43A;&#x43E;&#x432; &#x43A;&#x43E;&#x43D;&#x446;&#x430; XVIII - &#x43D;&#x430;&#x447;&#x430;&#x43B;&#x430; XX &#x432;.</subfield>
    <subfield code="f">&#x411;. &#x415;. &#x424;&#x440;&#x43E;&#x43B;&#x43E;&#x432;</subfield>
  </datafield>
  <datafield tag="203" ind1=" " ind2=" ">
    <subfield code="a">&#x422;&#x435;&#x43A;&#x441;&#x442;</subfield>
    <subfield code="b">&#x432;&#x438;&#x437;&#x443;&#x430;&#x43B;&#x44C;&#x43D;&#x44B;&#x439;</subfield>
    <subfield code="c">&#x43D;&#x435;&#x43F;&#x43E;&#x441;&#x440;&#x435;&#x434;&#x441;&#x442;&#x432;&#x435;&#x43D;&#x43D;&#x44B;&#x439;</subfield>
  </datafield>
  <datafield tag="210" ind1=" " ind2=" ">
    <subfield code="a">&#x41A;&#x440;&#x430;&#x441;&#x43D;&#x43E;&#x434;&#x430;&#x440;</subfield>
    <subfield code="c">&#x422;&#x440;&#x430;&#x434;&#x438;&#x446;&#x438;&#x44F;</subfield>
    <subfield code="d">2024</subfield>
  </datafield>
  <datafield tag="215" ind1=" " ind2=" ">
    <subfield code="a">119 &#x441;.</subfield>
    <subfield code="c">&#x438;&#x43B;., &#x446;&#x432;. &#x438;&#x43B;., &#x43F;&#x43E;&#x440;&#x442;&#x440;., &#x444;&#x430;&#x43A;&#x441;.</subfield>
    <subfield code="d">29</subfield>
  </datafield>
  <datafield tag="225" ind1="1" ind2=" ">
    <subfield code="a">&#x41F;&#x43E;&#x434;&#x430;&#x440;&#x43E;&#x447;&#x43D;&#x44B;&#x435; &#x43A;&#x43D;&#x438;&#x433;&#x438; &#x41A;&#x443;&#x431;&#x430;&#x43D;&#x438;</subfield>
  </datafield>
  <datafield tag="300" ind1=" " ind2=" ">
    <subfield code="a">&#x417;&#x430;&#x433;&#x43B;. &#x43E;&#x431;&#x43B;.: &#x41E;&#x440;&#x443;&#x436;&#x438;&#x435; &#x438; &#x43C;&#x443;&#x43D;&#x434;&#x438;&#x440; &#x43A;&#x443;&#x431;&#x430;&#x43D;&#x441;&#x43A;&#x438;&#x445; &#x43A;&#x430;&#x437;&#x430;&#x43A;&#x43E;&#x432;</subfield>
  </datafield>
  <datafield tag="333" ind1=" " ind2=" ">
    <subfield code="a">10+</subfield>
  </datafield>
  <datafield tag="512" ind1="1" ind2=" ">
    <subfield code="a">&#x41E;&#x440;&#x443;&#x436;&#x438;&#x435; &#x438; &#x43C;&#x443;&#x43D;&#x434;&#x438;&#x440; &#x43A;&#x443;&#x431;&#x430;&#x43D;&#x441;&#x43A;&#x438;&#x445; &#x43A;&#x430;&#x437;&#x430;&#x43A;&#x43E;&#x432;</subfield>
  </datafield>
  <datafield tag="601" ind1="0" ind2="2">
    <subfield code="a">&#x41A;&#x443;&#x431;&#x430;&#x43D;&#x441;&#x43A;&#x43E;&#x435; &#x43A;&#x430;&#x437;&#x430;&#x447;&#x44C;&#x435; &#x432;&#x43E;&#x439;&#x441;&#x43A;&#x43E;</subfield>
    <subfield code="x">&#x412;&#x43E;&#x43E;&#x440;&#x443;&#x436;&#x435;&#x43D;&#x438;&#x435;</subfield>
    <subfield code="z">18 - 20 &#x432;&#x432;</subfield>
    <subfield code="2">nlr_sh2</subfield>
    <subfield code="3">RU\NLR\AUTH\6601648100</subfield>
  </datafield>
  <datafield tag="601" ind1="0" ind2="2">
    <subfield code="a">&#x41A;&#x443;&#x431;&#x430;&#x43D;&#x441;&#x43A;&#x43E;&#x435; &#x43A;&#x430;&#x437;&#x430;&#x447;&#x44C;&#x435; &#x432;&#x43E;&#x439;&#x441;&#x43A;&#x43E;</subfield>
    <subfield code="x">&#x412;&#x43E;&#x435;&#x43D;&#x43D;&#x43E;&#x435; &#x43E;&#x431;&#x43C;&#x443;&#x43D;&#x434;&#x438;&#x440;&#x43E;&#x432;&#x430;&#x43D;&#x438;&#x435;</subfield>
    <subfield code="z">18 - 20 &#x432;&#x432;</subfield>
    <subfield code="2">nlr_sh2</subfield>
    <subfield code="3">RU\NLR\AUTH\6601648102</subfield>
  </datafield>
  <datafield tag="686" ind1="1" ind2=" ">
    <subfield code="a">&#x426;9&#x433;(2)</subfield>
  </datafield>
  <datafield tag="686" ind1="1" ind2=" ">
    <subfield code="a">&#x426;4,8(2)243.6&#x433;</subfield>
  </datafield>
  <datafield tag="700" ind1=" " ind2="1">
    <subfield code="a">&#x424;&#x440;&#x43E;&#x43B;&#x43E;&#x432;</subfield>
    <subfield code="b">&#x411;. &#x415;.</subfield>
    <subfield code="c">&#x438;&#x441;&#x442;&#x43E;&#x440;&#x438;&#x43A;, &#x43A;&#x440;&#x430;&#x435;&#x432;&#x435;&#x434;</subfield>
    <subfield code="f">1948-</subfield>
    <subfield code="g">&#x411;&#x43E;&#x440;&#x438;&#x441; &#x415;&#x444;&#x438;&#x43C;&#x43E;&#x432;&#x438;&#x447;</subfield>
    <subfield code="3">RU\NLR\AUTH\7768904</subfield>
  </datafield>
  <datafield tag="942" ind1=" " ind2=" ">
    <subfield code="c">BOOK</subfield>
  </datafield>
  <datafield tag="980" ind1=" " ind2=" ">
    <subfield code="a">NB</subfield>
  </datafield>
  <datafield tag="995" ind1=" " ind2=" ">
    <subfield code="5">2024-05-21</subfield>
    <subfield code="a">ad</subfield>
    <subfield code="b">NLR01</subfield>
    <subfield code="c">NLR01</subfield>
    <subfield code="e">RF81</subfield>
    <subfield code="f">1-4598344</subfield>
    <subfield code="k">2024-8/1280</subfield>
    <subfield code="o">0</subfield>
    <subfield code="r">BOOK</subfield>
    <subfield code="s">202481280_</subfield>
  </datafield>
  <datafield tag="995" ind1=" " ind2=" ">
    <subfield code="5">2024-05-21</subfield>
    <subfield code="a">ad</subfield>
    <subfield code="b">NLR01</subfield>
    <subfield code="c">NLR01</subfield>
    <subfield code="e">RF81</subfield>
    <subfield code="f">1-4598343</subfield>
    <subfield code="k">2024-8/1280</subfield>
    <subfield code="o">0</subfield>
    <subfield code="r">BOOK</subfield>
    <subfield code="s">202481280_</subfield>
  </datafield>
</record>
